000 00548nam a2200217Ia 4500
005 20251122105544.0
008 230125s9999 xx 000 0 und d
020 _a9788175544703
041 _aeng
082 _a158.1
_bWIL
100 _aWilliams L
_9215493
245 _aUltimate Job Search
250 _a2nd Ed.
260 _c2009
_bKogan Page
_aNew Delhi
300 _a230p
500 _aPersonality Development
650 _aPersonality Development;Job Search
_9215494
700 _aWilliams L
_9215493
906 _b63
942 _cBK
999 _c96406
_d96406